000 00836nam a2200265 a 4500
001 26384
003 BD-RjUL
005 20211209051017.0
008 140322r19501939enk||||| |||| 001 0 eng d
035 _a(BD-RjUL)26454
040 _aBD-RjUL
_beng
_cBD-RjUL
041 _aeng
082 _a940.55
_bCAE 1950
100 _aCarter, C. C.
_981120
245 _aEurope, the British Isles and the world /
_cby C.C. Carter and E.C. Marchant.
250 _aRevised repr.
260 _aLondon :
_bChristophers,
_c1939 [Reprinted 1950]
300 _axix , 300 p. :
_bill. ;
_c22 cm.
490 _aWorld of man, bk. 4.
504 _aincludes index.
650 _aEurope -- Description and travel -- Juvenile literature.
_981121
700 _aMarchant, E. C.
_q(Ernest Cecil),
_9116763
942 _2ddc
_cBK
999 _c26384
_d26384